00873nam a2200241 i 4500001000300000100002000003245009600023246004700119260004300166300004100209500005000250504003600300650002500336650001500361655003000376700003700406020001500443040000800458041001100466080001500477008004100492856009800533bg1 aHaken, Hermann.10aŚwiatło :bfale, fotony, atomy /cH. Haken ; [z ang. przetł. Wanda Stępień-Rudzka]. iTyt. oryg.:aLight : waves, photons, atoms aWarszawa :bWydaw. Naukowe PWN,c1993. a340, [4] s. :brys., wykr. ;c24 cm. aOryg. : "Light : waves, photons, atoms" 1986. aBibliogr. s. 332-338. - Indeks. 9aKwantowa teoria pola 9aŚwiatło aPodręczniki akademickie1 aStępień-Rudzka, Wanda.eTł. a8301112115 cBPK1 aplhen a535(075.8) s pl f |000 0 pol  uhttp://koha.tu.koszalin.pl/cgi-bin/koha/opac-detail.pl?biblionumber=30693yKatalog online BPK